Wzajemność słowiańska problemy polityczne i kulturalne w przeszłości i teraźniejszości

Bibliographic Details
Main Author: Batowski, Henryk, 1907-1999 (Author)
Format: Book
Language:Polish
PhysicalDescription:52 s. 24 cm
Published: Warszawa b.v. 1930
Subjects:

MARC

LEADER 00000cam a2200000 a 4500
001 vtls001171843
003 SK-MaSNL
005 20260301002440.0
008 240315s1930 pl grn2 01000 pol
015 |a SNBA1930 
020 |q (brož.) 
035 |a SNK000114824 
040 |a SNK  |b slo  |c SNK  |e AACR2 
041 0 |a pol 
044 |a pl  |c PL 
072 7 |a 329  |x Politické strany a hnutia  |2 konspekt 
080 |a 329.7(=16)  |2 2011 
080 |a (04)  |2 2011 
100 1 |a Batowski, Henryk,  |d 1907-1999  |4 aut  |9 174421 
245 1 0 |a Wzajemność słowiańska  |b problemy polityczne i kulturalne w przeszłości i teraźniejszości  |c Henryk Batowski 
260 |a Warszawa  |b b.v.  |c 1930  |e Warszawa  |f J.B. Kondecki 
300 |a 52 s.  |c 24 cm 
500 |a Odtlačok z: Bellony ; s venovaním autora 
504 |a Obsahuje bibliografické odkazy 
650 0 7 |a slovanská vzájomnosť  |2 SNKPH  |9 67577 
655 7 |a separáty  |2 SNKPH  |9 70334 
787 0 8 |i Pôvodne vydané v:  |t Bellony 
852 |a Slovenská národná knižnica 
954 |a odborná, vedecká literatúra cudzojazyčná (svetová)  |2 lita 
958 |a OND 
958 |a NB 
958 |a PL 
999 |c 537366  |d 539296 
952 |a SNK  |b SNK  |y PREZ  |7 0  |p 17A0120971  |o snkSC 1213/15  |i snk757/31  |0 0  |1 0  |4 0  |d 1998-01-28  |f 1  |l 0  |r 2025-06-11 00:00:00  |w 2026-02-23